| 000 | 00468nam a2200181Ia 4500 | ||
|---|---|---|---|
| 001 | 8563 | ||
| 005 | 20260306160618.0 | ||
| 008 | 260306t2005||||xx |||||||||||||| ||spa|| | ||
| 041 | _aESP | ||
| 082 |
_a371.12 _bF617 |
||
| 100 |
_aPaquay, Léopold [coord.] _eAUT |
||
| 245 | 0 |
_aLa formación profesional del maestro: _bestrategias y competencias |
|
| 260 | _c2005 | ||
| 300 |
_a400 páginas : _c14 cm. |
||
| 650 | _aGEN | ||
| 654 | _aCED | ||
| 942 |
_cLIB _dJUS _fJUS _2ddc _n |
||
| 999 |
_c8563 _d8563 |
||